| 000 | 00674nam a22001697a 4500 | ||
|---|---|---|---|
| 005 | 20120223120520.0 | ||
| 020 |
_a8170003423 _c1500.00 (set price) |
||
| 035 | _aB-92473 | ||
| 037 |
_aDPL _bENG |
||
| 100 |
_aDhiman, Anil K. _942849 |
||
| 245 |
_aBasics of information technology for librarians and information scientists : _bFundamentals of IT / _cby Anil K. Dhiman |
||
| 250 | _aVol.I | ||
| 260 |
_aNew Delhi _bEss Ess Publications _c2003 |
||
| 300 |
_a338p. _c20 cms. |
||
| 942 |
_2ddc _cEN _h025.04 _mDHI |
||
| 999 |
_c63341 _d63341 |
||